Možnosti realizácie letnej rekreácie v Slovenskej republike bakalárska práca

Enregistré dans:
Détails bibliographiques
Auteur principal: Luhanová, Mária
Collectivité auteur: Obchodná fakulta EU. Katedra služieb a cestovného ruchu - zrušené
Autres auteurs: Staňo, Roman
Format: Livre
Langue:slovaque
Publié: Bratislava 2015
Tags: Ajouter un tag
Pas de tags, Soyez le premier à ajouter un tag!

MARC

LEADER 00000nbm a2200000 4500
001 0203305
005 20161212105958.8
041 0 |a slo 
044 |a SK 
245 1 0 |a Možnosti realizácie letnej rekreácie v Slovenskej republike  |b bakalárska práca  |c Mária Luhanová ; školiteľ: Roman Staňo 
264 1 |a Bratislava  |c 2015 
300 |a 54 s. 
100 1 |a Luhanová, Mária 
700 1 |a Staňo, Roman 
710 2 |a Obchodná fakulta EU. Katedra služieb a cestovného ruchu - zrušené